Derecho administrativo

Сохранить в:
Библиографические подробности
Главный автор: Cassagne, Juan Carlos (Автор)
Формат:
Язык:испанский
Опубликовано: Lima Palestra Editores 2017
Редактирование:2a. ed
Предметы:
Метки: Добавить метку
Нет меток, Требуется 1-ая метка записи!

MARC

LEADER 00000cam a2200000 a 4500
001 UCC1193
003 CL-VaPUC
008 171006e20170700pe |||||||||||||||||spa|d
020 |a 9786124218835o.c 
020 |a 9786124218842t.1 
020 |a 9786124218859t.2 
082 0 4 |a 342.06  |b CAS  |2 21 
100 0 |a Cassagne, Juan Carlos  |e author  |9 595237 
245 1 0 |a Derecho administrativo 
250 |a 2a. ed 
300 |a t 
942 |c BK 
945 |d 20171006 11:09:00  |a arojas 
260 |a Lima  |b Palestra Editores  |c 2017 
650 0 |a Derecho administrativo  |9 254851 
650 0 |a Administración pública   |9 255343 
650 0 |a Responsabilidad del estado  |9 258115 
650 0 |a Actos administrativos   |9 256128 
650 0 |a Recursos administrativos  |9 255671 
650 0 |a Procedimiento administrativo  |9 256132 
583 |a last modification  |c 20181023 12:03:02  |k Rodrigo Vera 
999 |c 369761  |d 369759 
952 |0 0  |1 0  |3 erd  |4 0  |6 342_060000000000000_CAS_2017  |7 0  |8 A  |9 485845  |a BIBDER  |b BIBDER  |h t.1  |i 5427053  |o 342.06 CAS 2017  |p 5427053  |r 2023-01-25  |w 2019-11-24  |y BK  |z Catalogado en:20171006  |k DER 
952 |0 0  |1 0  |3 erd  |4 0  |6 342_060000000000000_CAS_2017  |7 0  |8 A  |9 485846  |a BIBDER  |b BIBDER  |h t.2  |i 5427061  |o 342.06 CAS 2017  |p 5427061  |r 2023-01-25  |w 2019-11-24  |y BK  |z Catalogado en:20171006  |k DER 
952 |0 0  |1 0  |3 erd  |4 0  |6 342_060000000000000_CAS_2017  |7 0  |8 A  |9 485847  |a BIBDER  |b BIBDER  |h t.1  |i 5510252  |o 342.06 CAS 2017  |p 5510252  |r 2023-01-25  |w 2019-11-24  |y BK  |z Catalogado en:20181026  |k DER 
952 |0 0  |1 0  |3 erd  |4 0  |6 342_060000000000000_CAS_2017  |7 0  |8 A  |9 485848  |a BIBDER  |b BIBDER  |h t.2  |i 5510260  |o 342.06 CAS 2017  |p 5510260  |r 2023-01-25  |w 2019-11-24  |y BK  |z Catalogado en:20181026  |k DER